| 000 | 00374nam a22001457a 4500 | ||
|---|---|---|---|
| 999 |
_c10427 _d10427 |
||
| 003 | OSt | ||
| 008 | 210209b ||||| |||| 00| 0 eng d | ||
| 020 | _a9788185731995 | ||
| 100 | _aJAIN, NK and SHARMA, SN | ||
| 245 | _aTextbook of Professional Pharmacy | ||
| 260 |
_aNew Delhi _bVallabh Praksahan _c2019 |
||
| 300 | _a632 | ||
| 650 | _aPharmaceutics - 23 | ||
| 942 |
_2ddc _cBK |
||